[Event "45th Olympiad Budapest 2024"]
[Site "Budapest"]
[Date "2024.09.13"]
[Round "3"]
[Board "3"]
[White "Balabayeva, Xeniya"]
[Black "Schloffer, Jasmin-Denise"]
[Result "1-0"]
[WhiteElo "2335"]
[BlackElo "2168"]
[PlyCount "93"]
[EventDate "2024.09.11"]
[EventType "team-tourn"]
[EventRounds "11"]
[EventCountry "HUN"]
[WhiteTeam "Kazakhstan"]
[BlackTeam "Austria"]
[WhiteTeamCountry "KAZ"]
[BlackTeamCountry "AUT"]

1. e4 {[%emt 0:00:01]} c6 {[%emt 0:00:07]} 2. d4 {[%emt 0:00:06]} d5 {[%emt 0:00:05]} 3. exd5 {[%emt 0:00:08]} cxd5 {[%emt 0:00:09]} 4. Bd3 {[%emt 0:00:04]} Nc6 {[%emt 0:00:11]} 5. c3 {[%emt 0:00:06]} Qc7 {[%emt 0:00:05]} 6. Nf3 {[%emt 0:00:51]} Bg4 {[%emt 0:03:40]} 7. O-O {[%emt 0:01:55]} e6 {[%emt 0:02:03]} 8. h3 {[%emt 0:07:15]} Bh5 {[%emt 0:01:27]} 9. Re1 {[%emt 0:04:01]} Bd6 {[%emt 0:03:26]} 10. Nbd2 {[%emt 0:02:41]} Nge7 {[%emt 0:03:12]} 11. Nf1 {[%emt 0:05:18]} Bg6 {[%emt 0:04:52]} ({RR} 11... O-O 12. Bxh7+ Kh8 13. Bd3 a6 14. Be2 Bxf3 15. Bxf3 b5 16. a3 a5 17. Be2 Rab8 18. Bd3 Kg8 19. Qh5 Rfd8 20. Qh7+ Kf8 21. Qh8+ Ng8 22. Bh7 Nce7 23. Bg5 Rdc8 24. Ne3 f6 25. Bxf6 gxf6 26. Ng4 {½-½ Garabik,M (1888)-Rybacek,M (2018) Ceske Budejovice Open 2024 (8.26)}) 12. Bg5 {[%emt 0:04:09]} O-O {[%emt 0:08:54]} 13. Bxe7 {[%emt 0:09:37]} Nxe7 {[%emt 0:03:44]} 14. a4 $146 {[%emt 0:05:58]} ({RR} 14. Ne5 Bxd3 15. Qxd3 Rab8 16. a4 a6 17. Nd2 b5 18. axb5 axb5 19. b4 Rfc8 20. Ra3 Ra8 21. Rxa8 Rxa8 22. Nb3 Bxe5 23. dxe5 Qc4 24. Qxc4 bxc4 25. Nd4 g5 26. g3 Ra3 27. b5 Nc8 28. Re3 Ra1+ {0-1 Teuschler,B (2136)-Vidic,T (2174) EU-chT (Women) 22nd 2019 (7.4)}) ({RR} 14. Ne5 Bxd3 15. Qxd3 f6 16. Ng4 e5 17. dxe5 fxe5 18. Nfe3 Qc6 19. Rad1 h5 20. Nh2 e4 21. Qe2 g6 22. Nc2 Bc5 23. Nd4 Qb6 24. b4 Bd6 25. Nf1 a5 26. a3 axb4 27. axb4 Rfc8 28. Nb5 Bf4 {½-½ Nimmy,A (2118)-Bhakti,K (2295) IND-ch (Women) 41st 2014 (2)}) ({RR} 14. Ne5 Rab8 15. Rc1 Rfc8 16. Qf3 Bxe5 17. Rxe5 Bxd3 18. Qxd3 Qc4 19. Qxc4 Rxc4 20. Nd2 Rc7 21. Kf1 Nc6 22. Re3 Nxd4 23. Rd3 Nc6 24. Re1 Na5 25. Rd4 b5 26. f4 g6 27. Re2 Nc4 28. Nxc4 Rxc4 {½-½ Santos,A (2044)-Lima Neto,P (2068) Fortaleza Inelsa op 1st 2011 (4.1)}) 14... Rab8 {[%emt 0:11:12]} 15. Ne3 {[%emt 0:10:06]} a6 {[%emt 0:05:21]} 16. Bxg6 {[%emt 0:14:21]} Nxg6 {[%emt 0:00:40]} 17. Qd2 {[%emt 0:02:15]} Rfc8 {[%emt 0:03:28]} 18. a5 {[%emt 0:04:04]} Ne7 {[%emt 0:07:15]} 19. Rec1 {[%emt 0:03:19]} Nc6 {[%emt 0:01:36]} 20. b4 {[%emt 0:01:57]} Qe7 {[%emt 0:02:24]} 21. Re1 {[%emt 0:03:58]} Qf8 {[%emt 0:06:58]} 22. Qd3 {[%emt 0:01:53]} Qd8 {[%emt 0:02:13]} 23. Nd2 {[%emt 0:04:03]} Na7 {[%emt 0:03:13]} 24. Nb3 {[%emt 0:01:36]} Nb5 {[%emt 0:01:01]} 25. Nc5 {[%emt 0:03:13]} Rc7 {[%emt 0:03:00]} 26. Rad1 {[%emt 0:02:06]} Qg5 {[%emt 0:03:48]} 27. c4 {[%emt 0:02:42]} dxc4 {[%emt 0:02:55]} 28. Nxc4 {[%emt 0:00:31]} Rd8 {[%emt 0:03:20]} 29. Nxd6 {[%emt 0:02:16]} Rxd6 {[%emt 0:01:17]} 30. Ne4 {[%emt 0:00:15]} Qd8 {[%emt 0:02:26]} 31. Nxd6 {[%emt 0:00:08]} Qxd6 {[%emt 0:00:16]} 32. d5 {[%emt 0:02:03]} e5 {[%emt 0:02:12]} 33. Qf5 {[%emt 0:00:43]} f6 {[%emt 0:01:17]} 34. Qe6+ {[%emt 0:01:12]} Qxe6 {[%emt 0:02:37]} 35. dxe6 {[%emt 0:00:02]} Kf8 {[%emt 0:00:12]} 36. f4 {[%emt 0:00:30]} Ke7 {[%emt 0:01:39]} 37. fxe5 {[%emt 0:00:38]} f5 {[%emt 0:00:19]} 38. Rd7+ {[%emt 0:00:31]} Kxe6 {[%emt 0:01:21]} 39. Rxc7 {[%emt 0:00:28]} Nxc7 {[%emt 0:00:07]} 40. Rc1 {[%emt 0:02:05]} Nd5 {[%emt 0:01:09]} 41. b5 {[%emt 0:03:57]} axb5 {[%emt 0:05:31]} 42. Rc5 {[%emt 0:00:28]} b4 {[%emt 0:05:51]} 43. Rb5 {[%emt 0:00:06]} Kxe5 {[%emt 0:00:11]} 44. Rxb7 {[%emt 0:00:05]} Kd6 {[%emt 0:00:39]} 45. a6 {[%emt 0:00:29]} Kc6 {[%emt 0:00:29]} 46. Rb8 {[%emt 0:00:12]} Nb6 {[%emt 0:01:06]} 47. a7 {[%emt 0:00:09]} 1-0

[Event "45th Olympiad Budapest 2024"]
[Site "Budapest"]
[Date "2024.09.13"]
[Round "3"]
[Board "1"]
[White "Mihok-Juhasz, Barbara"]
[Black "Mkrtchian, Lilit"]
[Result "1/2-1/2"]
[WhiteElo "2193"]
[BlackElo "2366"]
[PlyCount "100"]
[EventDate "2024.09.11"]
[EventType "team-tourn"]
[EventRounds "11"]
[EventCountry "HUN"]
[WhiteTeam "Hungary B"]
[BlackTeam "Armenia"]
[BlackTeamCountry "ARM"]

1. e4 {[%emt 0:00:03] Psakhis,Lev} e6 {[%emt 0:00:23]} 2. d4 {[%emt 0:00:08]} d5 {[%emt 0:00:13]} 3. e5 {[%emt 0:00:08]} c5 {[%emt 0:01:09]} 4. c3 {[%emt 0:00:15]} Nc6 {[%emt 0:00:27]} 5. Nf3 {[%emt 0:00:32]} Qb6 {[%emt 0:01:16]} 6. a3 {[%emt 0:00:11]} Bd7 {[%emt 0:01:53]} 7. b4 {[%emt 0:12:19]} cxd4 {[%emt 0:00:08]} 8. cxd4 {[%emt 0:00:04]} Rc8 {[%emt 0:00:16]} 9. Be3 {[%emt 0:03:03]} Nh6 {[%emt 0:02:28]} 10. Bd3 {[%emt 0:02:43]} Ng4 {[%emt 0:00:48]} 11. O-O {[%emt 0:02:00]} Be7 {[%emt 0:00:24]} 12. Nbd2 {[%emt 0:07:45]} Nxe3 {[%emt 0:12:50]} 13. fxe3 {[%emt 0:00:06]} O-O {[%emt 0:00:09]} 14. Nb3 {[%emt 0:03:47]} Nb8 {[%emt 0:04:58]} ({RR} 14... f5 15. exf6 Rxf6 16. Nc5 Bxc5 17. bxc5 Qc7 18. Ng5 h6 19. Rxf6 gxf6 20. Qh5 Be8 21. Qxh6 fxg5 22. Rf1 Qe7 23. Rf8+ Qxf8 24. Qh7#) ({RR} 14... Nd8 15. Qe2 a6 16. Nc5 Bb5 17. Rac1 Bxd3 18. Qxd3 Bxc5 19. Rxc5 Rxc5 20. bxc5 Qc7 21. Rb1) ({RR} 14... Qd8 15. Nc5 b6 16. Nxd7 Qxd7 17. Bb5 Qb7 18. Rc1) 15. Nc5 {[%emt 0:04:22]} ({RR} 15. Qe2 a6 16. Nc5) ({RR} 15. Qe2 a6 16. Nc5 Bb5 17. Bxb5 axb5 18. Rac1 Qc6 19. Rc3 Nd7 20. Na4 Qa6 21. Nc5 Qc6 22. Na4 Qa6 23. Nc5 Qc6 {½-½ Vitiugov,N (2720)-Berkes,F (2615) FIDE World Cup 2023 (3.2)}) ({RR} 15. Qe2 Qd8 16. Rac1 b6 17. Rxc8 Qxc8 18. Rc1 Qb7 19. Qc2 Rc8 20. Bxh7+ Kh8 21. Qb1 Rxc1+ 22. Nxc1 Qa6 23. Bd3 Qxa3 24. b5 a6 25. Kf2 axb5 26. Bxb5 Qa5 27. Bd3 Nc6 28. Qb3 Nb4 29. Be2 Qa1 {0-1 Gaikwad Manas (1957)-Jval Saurin Patel (2085) 61st World Juniors 2024 (11.39)}) 15... Bb5 {[%emt 0:02:39]} 16. Rb1 $146 {[%emt 0:36:07]} ({RR} 16. h4 Bxd3 17. Qxd3 Qc7 18. Rac1 b6 19. Na6 ({RR} 19. Nb3 Qd7) 19... Qxc1 20. Rxc1 Rxc1+ 21. Kh2 h6 ({RR} 21... Nxa6 22. Qxa6 Rc7) 22. Nxb8 Rxb8 23. Qa6 Rc7 24. Qb5 Rd8 25. Qa6 g6 26. Kg3 Kg7 27. Kg4 Rb8 28. Qb5 Rbc8 29. h5 ({RR} 29. Qa6 h5+ 30. Kg3 ({RR} 30. Kf4 Rc2 31. g3 R8c7)) 29... Rc2 30. Ne1 ({RR} 30. g3 R8c7 31. Qe8 R2c3) 30... gxh5+ {0-1 Petrov,M (2425)-Minasian,A (2554) EU-ch 2nd Ohrid 2001 (5)}) ({RR} 16. Rc1 Bxd3 17. Qxd3 a5 18. Rb1 axb4 19. Rxb4 Qc6 20. Rb5 b6 21. Na4 Nd7 22. Rfb1 Bd8 23. Nb2 Be7 24. Na4 Bd8) ({RR} 16. Qe2 Bxd3 17. Qxd3 a6 18. Rac1 Qa7 19. Rc2 b6 20. Nb3 Qd7 21. Rfc1 h6 22. Nbd2 Rxc2 23. Qxc2 a5 24. bxa5 bxa5 25. Nb1 Qb5 26. h3 Nd7 27. Qc6 Qxc6 28. Rxc6 Rb8 29. Nfd2 Nb6 30. Kf2 Kf8 {0-1 Bento,R (1754)-Vargas,G (2118) Asuncion op 2014 (3)}) ({RR} 16. Rc1 Bxd3 17. Qxd3 a5 18. Rb1 axb4 19. Rxb4 Qc6 20. Rb5 b6 21. Na4 Nd7 22. Rfb1 Bd8 23. Nb2 Be7 24. Na4 Bd8 25. Nb2 Qc2 26. Qxc2 Rxc2 27. Rb3 g5 28. Ne1 Rc6 29. Na4 Rc4 30. Nb2 Rc6 {½-½ Ambroz,J (2425)-Meyer,P (2330) BL2-West 9091 1990 [4]}) 16... Rc7 {[%emt 0:17:02]} 17. Ne1 {[%emt 0:03:51]} Qc6 {[%emt 0:09:22]} 18. Bxb5 {[%emt 0:04:51]} Qxb5 {[%emt 0:00:20]} 19. a4 {[%emt 0:04:50]} Qe8 {[%emt 0:02:31]} 20. a5 {[%emt 0:07:52]} b6 {[%emt 0:01:12]} 21. axb6 {[%emt 0:00:05]} axb6 {[%emt 0:00:03]} 22. Na4 {[%emt 0:00:05]} Qb5 {[%emt 0:00:35]} 23. Nd3 {[%emt 0:00:33]} Nd7 {[%emt 0:02:30]} 24. Nf4 {[%emt 0:01:34]} Ra8 {[%emt 0:12:23]} 25. Nb2 {[%emt 0:02:02]} Qxb4 {[%emt 0:01:07]} 26. Nbd3 {[%emt 0:00:08]} Qa3 {[%emt 0:00:22]} 27. Qg4 {[%emt 0:00:36]} Bf8 {[%emt 0:11:15]} 28. Rf3 {[%emt 0:03:57]} Rc3 {[%emt 0:01:04]} 29. Nxe6 {[%emt 0:00:31]} Rxd3 {[%emt 0:06:25]} 30. Nxg7 {[%emt 0:00:26]} Bxg7 {[%emt 0:00:11]} 31. Rg3 {[%emt 0:00:05]} Qf8 {[%emt 0:02:00]} 32. Qxd7 {[%emt 0:00:04]} Rda3 {[%emt 0:05:02]} 33. Qxd5 {[%emt 0:01:14]} Ra1 {[%emt 0:00:06]} 34. Rxa1 {[%emt 0:00:17]} Rxa1+ {[%emt 0:00:03]} 35. Kf2 {[%emt 0:00:02]} Qc8 {[%emt 0:02:06]} 36. Rf3 {[%emt 0:01:27]} Qc2+ 37. Kg3 {[%emt 0:00:02]} Qg6+ {[%emt 0:00:07]} 38. Kf2 {[%emt 0:00:04]} Qc2+ {[%emt 0:02:22]} 39. Kg3 {[%emt 0:00:03]} Qg6+ {[%emt 0:00:47]} 40. Kf2 {[%emt 0:00:37]} h5 {[%emt 0:00:24]} 41. e4 {[%emt 0:24:25]} Rc1 {[%emt 0:03:51]} 42. Rg3 {[%emt 0:01:33]} Qh6 {[%emt 0:05:26]} 43. Qd8+ {[%emt 0:00:13]} Kh7 {[%emt 0:00:04]} 44. Rg5 {[%emt 0:00:03]} Qc6 {[%emt 0:03:09]} 45. Rxh5+ {[%emt 0:00:34]} Bh6 {[%emt 0:00:06]} 46. Qf6 {[%emt 0:04:04]} Rc2+ {[%emt 0:16:21]} 47. Kg3 {[%emt 0:00:04]} Rc3+ {[%emt 0:00:23]} 48. Kf2 {[%emt 0:01:05]} Rc2+ {[%emt 0:01:36]} 49. Kg3 {[%emt 0:00:04]} Rc3+ {[%emt 0:00:33]} 50. Kf2 {[%emt 0:00:16]} Rc2+ {[%emt 0:00:13]} 1/2-1/2

[Event "45th Olympiad Budapest 2024"]
[Site "Budapest"]
[Date "2024.09.13"]
[Round "3"]
[Board "2"]
[White "Mkrtchyan, Mariam"]
[Black "Lakos, Nikoletta"]
[Result "1-0"]
[WhiteElo "2328"]
[BlackElo "2192"]
[PlyCount "81"]
[EventDate "2024.09.11"]
[EventType "team-tourn"]
[EventRounds "11"]
[EventCountry "HUN"]
[WhiteTeam "Armenia"]
[BlackTeam "Hungary B"]
[WhiteTeamCountry "ARM"]

1. d4 {[%emt 0:00:02] Krasenkow,Michal} d5 {[%emt 0:00:13]} 2. c4 {[%emt 0:00:18]} e6 {[%emt 0:00:28]} 3. Nf3 {[%emt 0:00:22]} Nf6 {[%emt 0:01:05]} 4. Nc3 {[%emt 0:00:06]} Be7 {[%emt 0:01:28]} 5. Bf4 {[%emt 0:01:14]} O-O {[%emt 0:01:06]} 6. e3 {[%emt 0:00:04]} b6 {[%emt 0:00:30]} 7. Be2 {[%emt 0:00:25]} ({RR} 7. cxd5) 7... Bb7 {[%emt 0:11:08]} 8. O-O {[%emt 0:02:04]} c5 {[%emt 0:28:50]} ({RR} 8... Nbd7) 9. Rc1 {[%emt 0:04:49]} ({RR} 9. dxc5 bxc5 ({RR} 9... Bxc5 10. a3 ({RR} 10. cxd5 Nxd5 11. Nxd5 Bxd5 {RR} 12. Rc1 Nc6 13. a3 a5 14. Qc2 Qf6 15. Rfd1 h6) 10... dxc4 11. Bxc4 Qxd1 12. Rfxd1 Nbd7 13. Nb5 Rfc8 14. Bf1 ({RR} 14. Nc7 Bxf3 15. gxf3 e5) 14... Bf8) 10. Qb3 ({RR} 10. Qc2 Nbd7 11. Rfd1 Qb6 12. Rd2 Rac8 13. Rad1 Rfd8 14. cxd5 exd5 15. Ne5 Nf8) ({RR} 10. Ne5 Nc6 11. Bf3 Nxe5 12. Bxe5 Nd7 13. Bg3 Nb6 14. cxd5 exd5 15. Qb3 Bd6 16. Rfd1 Rb8 17. Nxd5 Bxg3 18. hxg3 Bxd5 19. Bxd5 Nxd5 20. Qxd5 Qxd5 21. Rxd5 Rxb2 22. Rxc5 g6) 10... Qb6 ({RR} 10... Qc8 11. Rfd1) 11. Ne5 Nc6 12. Bf3 Qxb3 ({RR} 12... Nxe5 13. Bxe5 Ba6 14. cxd5 Bxf1 15. d6 Bxd6 16. Qxb6 axb6 17. Bxd6 Bd3 18. Bxf8 Rxf8) 13. axb3 Nb4 14. Ra5 Rfc8 ({RR} 14... a6 15. Na4 Rac8) 15. Rfa1 a6 16. Na4 Nc6 ({RR} 16... Ra7) 17. Nxc6 Rxc6 18. Bg5 Rc7 19. Bxf6 gxf6 20. cxd5 Bxd5 21. Bxd5 exd5 22. Nb6 Rd8 23. Rxa6 Rc6 {1-0 Ding,L (2695)-Onischuk,A (2666) Olympiad-40 Istanbul 2012 (10.3)}) ({RR} 9. Nb5 Nc6) ({RR} 9. cxd5 Nxd5 10. Nxd5 Qxd5 11. a3 Nd7 12. dxc5 Nxc5 13. b4 Ne4 14. Rc1 a5 15. Rc7 Bf6 16. Bc4 Qxd1 17. Rxd1 Nc3 18. Rc1 Bd5 19. Bf1 Rfc8 20. Nd4 Rxc7 21. Bxc7 Rc8 22. Rxc3 axb4 23. axb4 Be5 {1-0 Han,Y (2414)-Omariev,M (2304) Titled Tue 13th Feb Early 2024 (3)}) 9... dxc4 {[%emt 0:29:47]} ({RR} 9... Nbd7 10. cxd5 Nxd5 11. Nxd5 Bxd5 12. Bc4 Bxc4 13. Rxc4 b5 14. Rc2 c4 15. d5 exd5 16. Qxd5 a6 17. a4 Nf6 18. Qb7 Qd3 19. Rfc1 Rfd8 20. h3 Qe4) 10. Bxc4 {[%emt 0:01:13]} Ne4 $146 {[%emt 0:09:47]} ({RR} 10... Nc6 11. a3 cxd4 12. exd4 Rc8 13. Ba2 Na5 14. Qd3 Nd5 15. Bb1 f5 16. Nxd5 Bxd5 17. Rxc8 Qxc8 18. Rc1 Qa8 19. b4 Nc6 20. Qe3 Bf6 21. Ne5 Bxe5 22. Bxe5 Nxe5 23. Qxe5 Rc8 24. Rxc8+ Qxc8 25. Qe3 {½-½ Ronneland,D (2169)-Stellas,D (2001) Karlstad op 2019 (4)}) ({RR} 10... Nc6 11. Qe2 cxd4 12. Rfd1 Nd5 13. Nxd5 exd5 14. Bb5 Rc8 15. Bxc6 Rxc6 16. Rxc6 Bxc6 17. Nxd4 Bb7 18. Be5 Qd7 19. Qb5 Qxb5 20. Nxb5 a6 21. Bd6 axb5 22. Bxe7 Rc8 23. Bb4 Rc2 24. Rb1 d4 25. exd4 {½-½ Esen,B (2570)-Bernadskiy,V (2541) Albena Masters op 2014 (5)}) 11. Qe2 {[%emt 0:14:45]} cxd4 {[%emt 0:03:40]} 12. Nxe4 {[%emt 0:08:52]} Bxe4 {[%emt 0:00:08]} 13. Nxd4 {[%emt 0:00:11]} Bf6 {[%emt 0:03:41]} 14. Rfd1 {[%emt 0:01:39]} Qe7 {[%emt 0:02:28]} 15. Nb5 {[%emt 0:01:25]} e5 {[%emt 0:00:13]} 16. Bg3 {[%emt 0:00:03]} Bc6 {[%emt 0:02:09]} 17. Nd6 {[%emt 0:02:44]} g6 {[%emt 0:00:38]} 18. h3 {[%emt 0:23:12]} a6 {[%emt 0:00:23]} 19. Qg4 {[%emt 0:01:33]} Bd7 {[%emt 0:00:50]} 20. Qf3 {[%emt 0:00:44]} Ra7 {[%emt 0:00:19]} 21. Bd5 {[%emt 0:05:37]} Kg7 {[%emt 0:01:06]} 22. Ne4 {[%emt 0:02:06]} Bf5 {[%emt 0:00:36]} 23. Nxf6 {[%emt 0:02:24]} Qxf6 {[%emt 0:00:02]} 24. e4 {[%emt 0:00:51]} Bc8 {[%emt 0:00:35]} 25. Qc3 {[%emt 0:02:39]} Re7 {[%emt 0:00:24]} 26. Qa3 {[%emt 0:04:33]} a5 {[%emt 0:00:51]} 27. Rc3 {[%emt 0:02:24]} Rd8 {[%emt 0:00:29]} 28. Rf3 {[%emt 0:01:50]} Qd6 {[%emt 0:00:24]} 29. Bh4 {[%emt 0:00:07]} Qxa3 {[%emt 0:00:34]} 30. Bf6+ {[%emt 0:00:35]} Kf8 {[%emt 0:00:33]} 31. Rxa3 {[%emt 0:00:06]} Rd6 {[%emt 0:00:45]} 32. Bxe7+ {[%emt 0:00:09]} Kxe7 {[%emt 0:00:01]} 33. Rc1 {[%emt 0:00:47]} Bd7 {[%emt 0:00:30]} 34. b4 {[%emt 0:04:09]} axb4 {[%emt 0:00:41]} 35. Ra7 {[%emt 0:00:53]} f5 {[%emt 0:00:31]} 36. f3 {[%emt 0:01:19]} b5 {[%emt 0:00:17]} 37. Rcc7 {[%emt 0:04:13]} Kd8 {[%emt 0:00:37]} 38. Rcb7 {[%emt 0:01:15]} Na6 {[%emt 0:00:27]} 39. Rxd7+ {[%emt 0:00:30]} Rxd7 {[%emt 0:00:04]} 40. Rxa6 {[%emt 0:00:04]} fxe4 {[%emt 0:00:19]} 41. fxe4 {[%emt 0:00:04]} 1-0

[Event "45th Olympiad Budapest 2024"]
[Site "Budapest"]
[Date "2024.09.13"]
[Round "3"]
[Board "3"]
[White "Demeter, Dorina"]
[Black "Danielian, Elina"]
[Result "0-1"]
[WhiteElo "2199"]
[BlackElo "2393"]
[PlyCount "134"]
[EventDate "2024.09.11"]
[EventType "team-tourn"]
[EventRounds "11"]
[EventCountry "HUN"]
[WhiteTeam "Hungary B"]
[BlackTeam "Armenia"]
[BlackTeamCountry "ARM"]

1. Nf3 {[%emt 0:00:05]} d6 {[%emt 0:00:31]} 2. d4 {[%emt 0:01:05]} g6 {[%emt 0:00:23]} 3. e4 {[%emt 0:01:58]} Bg7 {[%emt 0:00:09]} 4. Be2 {[%emt 0:00:46]} Nd7 {[%emt 0:01:11]} 5. O-O {[%emt 0:01:08]} e5 {[%emt 0:04:34]} 6. Nc3 {[%emt 0:03:39]} Ngf6 {[%emt 0:00:38]} 7. Re1 {[%emt 0:04:44]} ({RR} 7. dxe5 dxe5 8. b3 c6 9. a4 Qc7 10. Ba3 Bf8 11. Qc1 Bxa3 12. Qxa3 Qd8 13. Rfd1 Qe7 14. Rd6 Kf8 15. a5 Ne8 16. Rd2 Qxa3 17. Rxa3 Ke7 18. Ra1 f6 19. Rad1 Nc7 20. b4 Nf8 21. Bc4 Nfe6 {½-½ Nepomniachtchi,I (2706)-Khismatullin,D (2667) RUS-ch Higher League 63rd 2010 (3)}) 7... O-O {[%emt 0:00:10]} 8. Bc4 $146 {[%emt 0:02:07]} ({RR} 8. Bf1 Re8 9. a4 a5 10. Bg5 c6 11. d5 Qc7 12. Bc4 Nb6 13. Bb3 c5 14. Nd2 Bg4 15. f3 Bd7 16. Bc4 Rf8 17. Qe2 h6 18. Be3 Nh5 19. Bb5 Bc8 20. Rec1 Qe7 21. g3 f5 22. Bf2 Qg5 {0-1 Kulovana,E (2180)-Kavan,Z (2190) CZE-chT2d 0405 2004 (10)}) ({RR} 8. Bf1 a6 9. a4 b6 10. g3 Bb7 11. Bg2 c6 12. dxe5 dxe5 13. b3 Re8 14. Ba3 b5 15. Qe2 Qb6 16. Bb2 Bf8 17. Nb1 a5 18. Na3 Ba6 19. axb5 cxb5 20. c4 b4 21. Nc2 Nc5 22. Nxe5 Nxb3 {0-1 Draganic,V (2323)-Kadric,D (2586) 76th ch-MNE 2024 (2.1)}) ({RR} 8. h3 Re8 9. Bc4 exd4 10. Qxd4 Nb6 11. Bg5 h6 12. Bxf6 Bxf6 13. Qd3 Nxc4 14. Qxc4 c6 15. Rad1 Be6 16. Qb4 Qb6 17. Qa3 a5 18. Qxd6 Qxb2 19. e5 Qxc3 20. exf6 Qxf6 21. Rb1 Rad8 22. Qa3 Bd5 {½-½ Ibanez Iglesias,R (1936)-Arcos Facio,M (2143) URU-ch U20 Paysandu 2010 (5)}) ({RR} 8. Bf1 Re8 9. d5 a5 10. a3 Nc5 11. Rb1 Bd7 12. b4 axb4 13. axb4 Na4 14. Nxa4 Rxa4 15. c4 Qe7 16. Bd3 Rea8 17. Bc2 Ra2 18. Bb3 Ba4 19. Bb2 Qe8 20. Qd3 Bxb3 21. Qxb3 Bh6 22. h3 Qa4 {0-1 Soffer,R (2365)-Kagan,S (2375) Tel Aviv-B 1989}) 8... c6 {[%emt 0:02:27]} 9. a4 {[%emt 0:02:43]} h6 {[%emt 0:08:36]} 10. h3 {[%emt 0:04:03]} Qc7 {[%emt 0:23:09]} 11. Ba2 {[%emt 0:04:46]} b6 {[%emt 0:09:49]} 12. Be3 {[%emt 0:02:42]} Bb7 {[%emt 0:01:41]} 13. Qd2 {[%emt 0:02:59]} Kh7 {[%emt 0:00:31]} 14. Rad1 {[%emt 0:02:49]} Rad8 {[%emt 0:01:15]} 15. dxe5 {[%emt 0:03:24]} dxe5 {[%emt 0:08:37]} 16. Qd6 {[%emt 0:07:56]} Qc8 {[%emt 0:05:22]} 17. Qa3 {[%emt 0:01:54]} a6 {[%emt 0:06:09]} 18. Nd2 {[%emt 0:04:37]} b5 {[%emt 0:08:13]} 19. Nb3 {[%emt 0:03:18]} Qc7 {[%emt 0:00:48]} 20. Nc5 {[%emt 0:04:49]} Bc8 {[%emt 0:00:24]} 21. a5 {[%emt 0:11:16]} Nxc5 {[%emt 0:04:27]} 22. Bxc5 {[%emt 0:02:15]} Rxd1 {[%emt 0:00:22]} 23. Nxd1 {[%emt 0:14:18]} Re8 {[%emt 0:00:07]} 24. Nc3 {[%emt 0:07:26]} Nh5 {[%emt 0:03:54]} 25. Bb6 {[%emt 0:01:01]} Qb7 {[%emt 0:00:16]} 26. Ne2 {[%emt 0:01:37]} Nf4 {[%emt 0:06:25]} 27. Qe3 {[%emt 0:03:38]} Be6 {[%emt 0:00:32]} 28. Bxe6 {[%emt 0:00:31]} Nxe6 {[%emt 0:00:03]} 29. b4 {[%emt 0:00:54]} Bf8 {[%emt 0:01:11]} 30. Qd2 {[%emt 0:00:32]} Qe7 {[%emt 0:00:43]} 31. c3 {[%emt 0:00:32]} c5 {[%emt 0:00:14]} 32. bxc5 {[%emt 0:00:28]} Nxc5 {[%emt 0:00:10]} 33. Qd5 {[%emt 0:00:16]} Qe6 {[%emt 0:01:27]} 34. Rd1 {[%emt 0:00:46]} Qxd5 {[%emt 0:00:48]} 35. exd5 {[%emt 0:00:31]} Bd6 {[%emt 0:00:28]} 36. Nc1 {[%emt 0:00:32]} Na4 {[%emt 0:00:38]} 37. Rd3 {[%emt 0:00:31]} Nxb6 {[%emt 0:00:29]} 38. axb6 {[%emt 0:00:02]} Rb8 {[%emt 0:00:03]} 39. Nb3 {[%emt 0:00:36]} Rxb6 {[%emt 0:00:12]} 40. Na5 {[%emt 0:00:38]} Rb8 {[%emt 0:00:59]} 41. Rd1 {[%emt 0:06:43]} Kg7 {[%emt 0:03:12]} 42. Nc6 {[%emt 0:08:13]} Ra8 {[%emt 0:00:11]} 43. Ra1 {[%emt 0:00:29]} Kf8 {[%emt 0:04:11]} 44. Kf1 {[%emt 0:00:53]} Ke8 {[%emt 0:01:30]} 45. Ke2 {[%emt 0:00:38]} Kd7 {[%emt 0:02:19]} 46. Kd3 {[%emt 0:00:26]} Bc7 {[%emt 0:01:35]} 47. Re1 {[%emt 0:05:56]} Re8 {[%emt 0:06:12]} 48. c4 {[%emt 0:05:28]} Kd6 {[%emt 0:08:27]} 49. Rc1 {[%emt 0:05:02]} e4+ {[%emt 0:04:41]} 50. Kd4 {[%emt 0:00:29]} bxc4 {[%emt 0:00:05]} 51. Kxc4 {[%emt 0:01:22]} Bb6 {[%emt 0:01:49]} 52. Ra1 {[%emt 0:00:28]} Ra8 {[%emt 0:00:21]} 53. Ra2 {[%emt 0:00:32]} a5 {[%emt 0:02:03]} 54. Rb2 {[%emt 0:00:08]} Bc7 {[%emt 0:00:29]} 55. Nd4 {[%emt 0:00:45]} Rb8 {[%emt 0:01:07]} 56. Nb5+ {[%emt 0:00:24]} Kd7 {[%emt 0:01:06]} 57. Re2 f5 {[%emt 0:00:52]} 58. Nxc7 {[%emt 0:00:30]} Kxc7 {[%emt 0:00:08]} 59. Ra2 {[%emt 0:00:28]} Ra8 {[%emt 0:00:25]} 60. Kc5 {[%emt 0:00:30]} a4 {[%emt 0:00:17]} 61. d6+ {[%emt 0:00:31]} Kd7 {[%emt 0:00:04]} 62. Rb2 {[%emt 0:00:32]} a3 {[%emt 0:00:53]} 63. Rb7+ {[%emt 0:00:04]} Ke6 {[%emt 0:01:00]} 64. Rb1 {[%emt 0:00:55]} a2 {[%emt 0:00:11]} 65. Ra1 {[%emt 0:00:03]} Rc8+ {[%emt 0:00:22]} 66. Kb6 {[%emt 0:00:31]} Rc2 {[%emt 0:00:16]} 67. Rd1 {[%emt 0:00:10]} Kd7 {[%emt 0:00:07]} 0-1